000 00620cam a2200181 a 4500
001 000014836
005 20200929163915.0
008 060527s1987 cu a rb 001 0 spa d
040 _aDO-SdBNP
_bspa
_cBNPHU
082 _axxxx
_bL649e
245 1 0 _aLetra :
_bcultura en Cuba /
_cprefacio y compilación de Ana Cairo Ballester.
260 _aLa Habana :
_bPueblo y Educación,
_c1987.
300 _av. :
_bil. ;
_c22 cm.
504 _aIncluye referencias bibliográficas y notas al pie de las páginas
500 _aIncluye índice
500 _aLa biblioteca posee el v. 3
700 1 _aCairo Ballester, Ana,
_d1949-
_933617
999 _c14416
_d14416